Miasta w Polsce na literę K - Statystyki

Ogólne statystyki
  • Ten quiz został rozwiązany 342 razy
    76 od ostatniego zresetowania
  • Średni wynik to 60 z 109
Statystyki odpowiedzi
Liczba mieszkańców Województwo Miasto % Poprawnych
179 694 świętokrzyskie Kielce
100%
810 590 małopolskie Kraków
100%
277 884 śląskie Katowice
97%
18 923 wielkopolskie Koło
97%
43 225 zachodniopomorskie Kołobrzeg
97%
104 872 zachodniopomorskie Koszalin
97%
91 515 wielkopolskie Kalisz
95%
65 570 wielkopolskie Konin
95%
53 473 opolskie Kędzierzyn-Koźle
92%
43 454 podkarpackie Krosno
90%
40 095 łódzkie Kutno
90%
23 250 pomorskie Kościerzyna
82%
9849 wielkopolskie Kostrzyn
82%
13 540 pomorskie Kartuzy
79%
30 667 lubelskie Kraśnik
79%
36 375 pomorskie Kwidzyn
79%
8090 zachodniopomorskie Kamień Pomorski
77%
24 626 warmińsko-mazurskie Kętrzyn
77%
24 363 dolnośląskie Kłodzko
77%
21 470 opolskie Kluczbork
77%
27 914 wielkopolskie Krotoszyn
77%
35 072 śląskie Knurów
74%
17 036 świętokrzyskie Końskie
74%
17 335 lubuskie Kostrzyn nad Odrą
74%
15 080 opolskie Krapkowice
74%
16 961 lubelskie Krasnystaw
74%
12 080 śląskie Kłobuck
72%
22 989 wielkopolskie Kościan
72%
28 700 mazowieckie Kobyłka
69%
9707 podlaskie Kolno
69%
10 246 lubuskie Krosno Odrzańskie
69%
1143 pomorskie Krynica Morska
69%
16 742 dolnośląskie Kamienna Góra
67%
8351 podkarpackie Kolbuszowa
67%
16 719 mazowieckie Konstancin-Jeziorna
67%
3240 kujawsko-pomorskie Kowal
67%
15 138 mazowieckie Kozienice
67%
4247 małopolskie Kalwaria Zebrzydowska
64%
5746 wielkopolskie Kłodawa
64%
19 279 łódzkie Konstantynów Łódzki
64%
9377 małopolskie Krynica-Zdrój
64%
13 350 wielkopolskie Kępno
62%
11 882 łódzkie Koluszki
62%
17 479 małopolskie Kęty
59%
2371 śląskie Koziegłowy
59%
5776 wielkopolskie Krzyż Wielkopolski
59%
9104 dolnośląskie Kudowa-Zdrój
59%
3996 zachodniopomorskie Kalisz Pomorski
56%
3191 lubelskie Kazimierz Dolny
56%
8104 wielkopolskie Kórnik
56%
8940 kujawsko-pomorskie Kruszwica
56%
5230 śląskie Koniecpol
54%
9439 dolnośląskie Kowary
54%
9750 małopolskie Krzeszowice
54%
4113 dolnośląskie Karpacz
51%
7083 dolnośląskie Kąty Wrocławskie
51%
4938 świętokrzyskie Kazimierza Wielka
51%
2825 lubelskie Kock
51%
2590 łódzkie Kamieńsk
49%
5365 opolskie Kietrz
49%
4998 pomorskie Kobylnica
49%
10 544 kujawsko-pomorskie Koronowo
49%
6029 wielkopolskie Koźmin Wielkopolski
49%
4273 dolnośląskie Kamieniec Ząbkowicki
46%
5415 zachodniopomorskie Karlino
46%
3906 łódzkie Krośniewice
46%
3848 warmińsko-mazurskie Korsze
44%
4013 kujawsko-pomorskie Kowalewo Pomorskie
44%
8052 śląskie Kalety
41%
9120 mazowieckie Karczew
41%
3206 pomorskie Kępice
41%
3814 wielkopolskie Kleczew
41%
2617 podlaskie Knyszyn
41%
3176 wielkopolskie Kobylin
41%
1954 mazowieckie Kosów Lacki
41%
764 małopolskie Koszyce
41%
2088 podlaskie Krynki
41%
2934 wielkopolskie Książ Wielkopolski
41%
4554 śląskie Kuźnia Raciborska
41%
2665 mazowieckie Kałuszyn
38%
2316 kujawsko-pomorskie Kamień Krajeński
38%
4162 kujawsko-pomorskie Kcynia
38%
1820 wielkopolskie Koźminek
38%
3417 wielkopolskie Krajenka
38%
4058 śląskie Krzepice
38%
2669 świętokrzyskie Kunów
38%
2612 lubelskie Kurów
38%
1975 warmińsko-mazurskie Kisielice
36%
2471 wielkopolskie Kłecko
36%
1714 świętokrzyskie Klimontów
36%
1724 lubelskie Kamionka
33%
790 łódzkie Kiernozia
33%
8759 lubuskie Kożuchów
33%
4554 wielkopolskie Krobia
33%
2754 wielkopolskie Kaczory
31%
2332 świętokrzyskie Koprzywnica
31%
1689 opolskie Korfantów
31%
2852 podkarpackie Kańczuga
28%
3793 lubuskie Kargowa
28%
2002 kujawsko-pomorskie Kikół
28%
1966 lubelskie Końskowola
28%
2917 lubelskie Krasnobród
28%
841 małopolskie Książ Wielki
28%
999 podlaskie Kleszczele
26%
3186 opolskie Kolonowskie
26%
396 mazowieckie Kazanów
23%
1351 podkarpackie Kołaczyce
23%
1960 śląskie Krzanowice
23%
1656 wielkopolskie Krzywiń
18%
Nie znaleziono quizów pasujących do podanych kryteriów
Rozkład punktacji
Procent ludzi z każdym wynikiem
Percentyl według liczby udzielonych odpowiedzi
Twoja historia wyników
Nie rozwiązałeś tego quizu od ostatniego zresetowania